LEADER 00996nas a2200253 i 4500 001 000000143478 003 CaOOAMICUS 005 20190318151917.0 008 051004b2003 be uu u0 0mul r 013 $a118836 040 $aSeMil$bita 245 10$a2003 : Elenchus Bibliographicus$b/$ceditae cura J.-M. Auwers ... [et al.]. 260 $aLeuven :$bPeeters,$c2003. 260 $aLeuven :$bUniversiteitsbibliotheek,$c2003. 300 $a848 p. ;$c25 cm. 700 1 $aAuwers, Jean-Marie,$d<1958- >.$0(OLS)http://semarc/name/26329 774 0 $t[vedi periodico].$w()262671 850 $aSeMil 852 $aSeMil$W1$xVenegono$y1$m225 5 25$j96559$B96559$CSeMilBibl$Z2$F103821 $85 961 $aCambio: Scuola Cattolica 996 $6245$a2003 : Elenchus Bibliographicus$b/$9(OLS)http://semarc/title/209978 996 $6260$aLeuven :$bUniversiteitsbibliotheek$9(OLS)http://semarc/publisher/46665 996 $6260$aLeuven :$bPeeters$9(OLS)http://semarc/publisher/29755 LEADER 01062nam a2200253 i 4500 001 000000063924 003 CaOOAMICUS 005 20130404000000.0 008 130404s1963 it u000 u ita u 013 $a35096 040 $aSeMil$bita 100 1 $aDiétrich, Suzanne : de.$0(OLS)http://semarc/name/23211 240 13$aLe dessein de Dieu.$0(OLS)http://semarc/title/101055 245 13$aIl piano di Dio :$bItinerario biblico /$cdi Suzanne de Diétrich ; traduzione di Mario Chiavario. 260 $aTorino :$bBorla,$ccopyr. 1963. 300 $a243 p. ;$c21 cm. 490 0 $aLe idee e la vita ;$v5 650 4$aTeologia biblica.$0(OLS)http://semarc/subject/438 700 1 $aChiavario, Mario.$0(OLS)http://semarc/name/32282 830 3$aLe idee e la vita ;$v5.$0(OLS)http://semarc/title/6393 850 $aSeMil 852 $aSeMil$W1$xVenegono$y1$m2M I 61$j30077$B30077$CSeMilBibl$Z2$F30080 $81 996 $6245$aIl piano di Dio :$bItinerario biblico$9(OLS)http://semarc/title/101054 996 $6260$aTorino :$bBorla$9(OLS)http://semarc/publisher/29913